[Event "AUTO-ELITE-1406"]
[Site "http://www.queenalice.com/game.php?id=1317739"]
[Date "2014.10.24"]
[Round "1"]
[White "kookaburra"]
[Black "biscuter"]
[Result "0-1"]
[WhiteElo "2259"]
[BlackElo "2559"]

1. e4 c5 2. Nf3 d6 3. d4 cxd4 4. Nxd4 Nf6 5. Nc3 Nc6 6. Bg5 e6 7. Bb5 Bd7 8. O-O
Be7 9. Re1 O-O 10. Nxc6 Bxc6 11. Bxc6 bxc6 12. e5 dxe5 13. Rxe5 Qb6 14. Na4 Qc7
15. Qe2 Rfb8 16. b3 Nd7 17. Bxe7 Nxe5 18. Bc5 Rd8 19. Re1 Rd5 20. c4 Rd7 21. h3
Nd3 22. Rf1 Rad8 23. Be3 e5 24. Qg4 g6 25. Nc5 Nxc5 26. Bxc5 Qa5 27. Be3 Qxa2
28. Bg5 f5 29. Qh4 Re8 30. Bf6 Qxb3 31. Kh2 a5 32. Re1 e4 33. Re3 Qb8+ 34. g3
Qb1 35. Qh6 Qf1 0-1

[Event "AUTO-ELITE-1406"]
[Site "http://www.queenalice.com/game.php?id=1317740"]
[Date "2014.10.24"]
[Round "1"]
[White "biscuter"]
[Black "FabioDavid"]
[Result "1-0"]
[WhiteElo "2586"]
[BlackElo "2406"]

1. e4 e5 2. Nf3 Nc6 3. Bb5 g6 4. O-O Bg7 5. Nc3 Nge7 6. d3 O-O 7. Bg5 h6 8. Bd2
d5 9. exd5 Nxd5 10. h3 a6 11. Bxc6 bxc6 12. Re1 Re8 13. Na4 a5 14. Nc5 Rb8 15.
Bxa5 Rxb2 16. Nb3 f5 17. Qc1 e4 18. Nfd4 Rxb3 19. Nxb3 Bxa1 20. Qxa1 exd3 21.
cxd3 Rxe1+ 22. Qxe1 g5 23. Bc3 Qe7 24. Qxe7 Nxe7 25. Nc5 Nd5 26. Bd2 Nb6 27. f4
g4 28. hxg4 Nd7 29. Nxd7 Bxd7 30. gxf5 Bxf5 31. d4 Bc2 32. Ba5 1-0

[Event "AUTO-ELITE-1406"]
[Site "http://www.queenalice.com/game.php?id=1317741"]
[Date "2014.10.24"]
[Round "1"]
[White "FabioDavid"]
[Black "biscuter"]
[Result "0-1"]
[WhiteElo "2393"]
[BlackElo "2591"]

1. e4 c5 2. Na3 Nc6 3. Bb5 Nf6 4. Bxc6 bxc6 5. e5 Nd5 6. Nf3 g6 7. O-O Bg7 8. d3
O-O 9. Nc4 f6 10. exf6 Nxf6 11. Qe2 d6 12. Ng5 Qd7 13. Re1 e5 14. Rb1 Nh5 15. a3
Qc7 16. b4 cxb4 17. axb4 h6 18. Nf3 Bg4 19. Ncd2 Nf4 20. Qf1 g5 21. Ba3 Rab8 22.
h3 Bxf3 23. Nxf3 Nxh3+ 24. gxh3 Rxf3 25. Re3 Rbf8 26. Rxf3 Rxf3 27. Qg2 Rf4 28.
Bc1 Rh4 29. Be3 a6 30. Qf3 Qd7 31. Kg2 d5 32. Qg3 e4 0-1

[Event "AUTO-ELITE-1381"]
[Site "http://www.queenalice.com/game.php?id=1318081"]
[Date "2014.10.26"]
[Round "2"]
[White "biscuter"]
[Black "Donidon"]
[Result "1-0"]
[WhiteElo "2561"]
[BlackElo "2362"]

1. e4 c5 2. Nf3 Nc6 3. d4 cxd4 4. Nxd4 Nf6 5. Nc3 d6 6. Bg5 e6 7. Qd2 Be7 8.
O-O-O O-O 9. f3 Nxd4 10. Qxd4 a6 11. h4 b5 12. Kb1 Bb7 13. g4 h6 14. Be3 Nd7 15.
g5 h5 16. f4 Rc8 17. Rg1 e5 18. Qd2 exf4 19. Bxf4 Ne5 20. Qe2 Ng4 21. Bh3 Rc4
22. Bxg4 hxg4 23. Rxg4 Qc8 24. Rg3 Re8 25. h5 b4 26. Nd5 Bxd5 27. Rxd5 Bf8 28.
Re3 Re6 29. h6 Qc6 30. hxg7 Bxg7 31. Qd3 Rc5 32. Rxd6 1-0

[Event "AUTO-ELITE-1381"]
[Site "http://www.queenalice.com/game.php?id=1318082"]
[Date "2014.10.26"]
[Round "2"]
[White "Donidon"]
[Black "biscuter"]
[Result "0-1"]
[WhiteElo "2356"]
[BlackElo "2565"]

1. e4 c5 2. Nf3 d6 3. d4 cxd4 4. Nxd4 Nf6 5. Nc3 a6 6. Be3 e5 7. Nb3 Be6 8. Be2
Be7 9. O-O Nbd7 10. a4 Rc8 11. Qd2 Nb6 12. a5 Nc4 13. Bxc4 Rxc4 14. f3 d5 15.
Bb6 Qd7 16. exd5 Nxd5 17. Nxd5 Qxd5 18. Qxd5 Bxd5 19. Rad1 Bc6 20. Rf2 f6 21. c3
Kf7 22. Rfd2 Ba4 23. Nc1 Bxd1 24. Rxd1 Ke6 25. Kf2 Bc5+ 26. Bxc5 Rxc5 27. Nd3
Rd5 28. Ke3 Rxa5 29. Nb4 f5 30. g3 Rb5 31. Rd2 Rc8 32. f4 a5 33. Na2 Rd5 34.
Rxd5 Kxd5 0-1

[Event "AUTO-ELITE-1381"]
[Site "http://www.queenalice.com/game.php?id=1318083"]
[Date "2014.10.26"]
[Round "2"]
[White "biscuter"]
[Black "FabioDavid"]
[Result "1/2-1/2"]
[WhiteElo "2593"]
[BlackElo "2387"]

1. e4 e5 2. Nf3 Nf6 3. Nxe5 d6 4. Nf3 Nxe4 5. d4 d5 6. Bd3 Be7 7. O-O Nc6 8. c4
Nf6 9. Nc3 Be6 10. c5 O-O 11. Re1 Bg4 12. Be3 Bxc5 13. dxc5 d4 14. Bd2 dxc3 15.
Bxc3 Nd5 16. h3 Nxc3 17. bxc3 Bxf3 18. Qxf3 Re8 19. Ba6 Rxe1+ 20. Rxe1 bxa6 21.
Qxc6 g6 22. Qxa6 Kg7 23. Qc4 Qf6 24. Rd1 Re8 25. Rd7 Re1+ 26. Kh2 Rc1 27. Qd4
Rxc3 28. Qxf6+ Kxf6 29. Rxc7 Ra3 30. c6 Rxa2 31. Kg3 Rc2 32. Rxa7 Rxc6 1/2-1/2

[Event "AUTO-ELITE-1381"]
[Site "http://www.queenalice.com/game.php?id=1318084"]
[Date "2014.10.26"]
[Round "2"]
[White "FabioDavid"]
[Black "biscuter"]
[Result "0-1"]
[WhiteElo "2457"]
[BlackElo "2581"]

1. b3 e5 2. Bb2 Nc6 3. c4 Nf6 4. Nc3 d5 5. Nxd5 Nxd5 6. cxd5 Qxd5 7. e3 Bf5 8.
Nf3 Be7 9. Bc4 Qd6 10. O-O Bf6 11. d4 exd4 12. Nxd4 Nxd4 13. Bxd4 Bxd4 14. exd4
O-O-O 15. Qf3 Qg6 16. Qf4 Bh3 17. Qf3 Bf5 18. Qf4 Qg4 0-1

[Event "AUTO-ELITE-1387"]
[Site "http://www.queenalice.com/game.php?id=1335016"]
[Date "2015.1.15"]
[Round "2"]
[White "PopowskiF"]
[Black "biscuter"]
[Result "0-1"]
[WhiteElo "2260"]
[BlackElo "2598"]

1. e4 c5 2. Nf3 d6 3. Nc3 Nc6 4. d4 cxd4 5. Nxd4 Nf6 6. Be2 e5 7. Nb3 Be7 8. Bg5
Be6 9. O-O O-O 10. f4 exf4 11. Bxf4 d5 12. exd5 Nxd5 13. Nxd5 Bxd5 14. Kh1 Bf6
15. c3 Re8 16. Bf3 Bxf3 17. Qxf3 Qe7 18. Bg3 Qe2 19. Qxe2 Rxe2 20. Rf2 Rae8 21.
Rxe2 Rxe2 22. Re1 Rxe1+ 23. Bxe1 Ne5 24. Nc1 Bg5 25. Bg3 Bxc1 26. Bxe5 Bxb2 27.
Bd4 a6 28. Kg1 f5 29. Kf2 Kf7 30. Ke2 g6 31. Kd2 Ba3 32. Kd3 Ke6 33. h3 b5 34.
c4 bxc4+ 35. Kxc4 f4 36. Bc5 Bxc5 37. Kxc5 g5 38. Kd4 Kf5 39. a4 h5 0-1

[Event "AUTO-ELITE-1387"]
[Site "http://www.queenalice.com/game.php?id=1335017"]
[Date "2015.1.15"]
[Round "2"]
[White "biscuter"]
[Black "PopowskiF"]
[Result "1-0"]
[WhiteElo "2589"]
[BlackElo "2221"]

1. e4 e5 2. Nf3 Nc6 3. Bc4 Be7 4. d4 d6 5. dxe5 dxe5 6. Qxd8+ Bxd8 7. Nc3 Nf6 8.
O-O Bg4 9. Be3 Bxf3 10. gxf3 Nd4 11. Bxd4 exd4 12. Nb5 c5 13. c3 dxc3 14. bxc3
O-O 15. Nd6 Rb8 16. Rfd1 Ne8 17. Nxf7 Rxf7 18. Rd7 h6 19. Bxf7+ Kf8 20. Bxe8
Kxe8 21. Rxg7 1-0

[Event "AUTO-ELITE-1379"]
[Site "http://www.queenalice.com/game.php?id=1335344"]
[Date "2015.1.17"]
[Round "2"]
[White "PasoDoble"]
[Black "biscuter"]
[Result "0-1"]
[WhiteElo "2477"]
[BlackElo "2592"]

1. e4 c5 2. Nf3 d6 3. d4 cxd4 4. Nxd4 Nf6 5. Nc3 Nc6 6. Bg5 Bd7 7. Qd2 Rc8 8. f4
a6 9. O-O-O e6 10. Nf3 Be7 11. Kb1 b5 12. e5 dxe5 13. fxe5 Nd5 14. Ne4 O-O 15.
Bxe7 Qxe7 16. Bd3 Ncb4 17. Nd6 Rc7 18. Be4 f6 19. Bxd5 Nxd5 20. Qd4 b4 21. Rd2
Bc6 22. Ne4 a5 23. exf6 gxf6 24. Re1 Bb7 25. Ng3 e5 26. Qf2 a4 27. Nf5 Qe6 28.
Nh6+ Kg7 29. Nd4 Qa6 30. Ndf5+ Kh8 31. Qe2 Qa5 32. Qd3 a3 33. b3 Qc5 34. Ka1 Bc8
35. g4 Ba6 36. Qg3 Rd7 37. Rxe5 Bd3 0-1

[Event "AUTO-ELITE-1379"]
[Site "http://www.queenalice.com/game.php?id=1335345"]
[Date "2015.1.17"]
[Round "2"]
[White "biscuter"]
[Black "PasoDoble"]
[Result "1/2-1/2"]
[WhiteElo "2610"]
[BlackElo "2484"]

1. e4 e6 2. d4 d5 3. Nd2 c5 4. Ngf3 cxd4 5. exd5 Qxd5 6. Bc4 Qd6 7. O-O Nf6 8.
Nb3 Be7 9. Nbxd4 a6 10. Qe2 O-O 11. a4 Nc6 12. Nxc6 Qxc6 13. Ne5 Qb6 14. b3 Nd5
15. Bb2 Qc7 16. Nf3 Bf6 17. Bxf6 Nxf6 18. Qe5 Qxe5 19. Nxe5 Nd7 20. Nf3 Nb6 21.
Bd3 Nd5 22. Rfd1 Bd7 23. c4 Nf6 24. Ne5 Bc6 25. b4 Rfd8 26. f3 Be8 27. Kf2 Nd7
28. Nxd7 Rxd7 29. Be4 Rc7 30. Rd6 f5 31. Bd3 Rc6 32. Rxc6 Bxc6 33. b5 Be8 34. f4
Kf7 35. Ke3 Kf6 36. Kd4 Rd8+ 37. Kc3 Ra8 38. a5 g5 39. g3 gxf4 40. gxf4 Bh5 41.
bxa6 Rxa6 42. c5 Rc6 43. Kd4 Bf3 44. a6 bxa6 45. Rxa6 Rc7 46. Bb5 Ke7 47. Bc4
Bc6 48. Ke5 Bd7 49. c6 Bxc6 50. Bxe6 Bb5 51. Ra5 Bd3 52. h4 h6 53. Bxf5 Bxf5 54.
Kxf5 Kf7 55. Kg4 Kg7 56. Kh5 Rd7 57. f5 1/2-1/2

[Event "AUTO-ELITE-1382"]
[Site "http://www.queenalice.com/game.php?id=1337796"]
[Date "2015.1.29"]
[Round "2"]
[White "Donidon"]
[Black "biscuter"]
[Result "0-1"]
[WhiteElo "2446"]
[BlackElo "2605"]

1. e4 c5 2. Nf3 d6 3. d4 cxd4 4. Nxd4 Nf6 5. Nc3 Nc6 6. Be3 e5 7. Ndb5 a6 8. Na3
b5 9. Nd5 Rb8 10. Nxf6+ Qxf6 11. c3 Qg6 12. f3 Be7 13. Nc2 f5 14. h4 fxe4 15. h5
Qg3+ 16. Bf2 Qf4 17. Be2 exf3 18. Bxf3 e4 19. Qd5 Ne5 20. Qxe4 Nxf3+ 21. gxf3
Qxe4+ 22. fxe4 O-O 23. Rg1 Bb7 24. h6 g6 25. Rg4 Rbe8 26. Be3 Bd8 27. O-O-O Bxe4
28. Nd4 Bf3 29. Nxf3 Rxf3 30. Bd2 Re2 31. Rd4 Be7 32. c4 Kf7 33. cxb5 axb5 34.
Rd5 Rf5 35. Rxf5+ gxf5 36. b3 Re4 37. Kc2 Ke6 38. Kd3 Bf6 39. Re1 Rxe1 40. Bxe1
Bg5 41. a4 bxa4 42. bxa4 Kd5 43. a5 Kc6 44. Kc4 Bxh6 45. Bf2 d5+ 46. Kd3 Bf8 47.
a6 Bg7 48. a7 Kb7 49. Ke3 Be5 50. Kd3 d4 51. Bxd4 Bxd4 52. Kxd4 h5 53. Ke5 h4
54. Kf4 Kxa7 55. Kf3 Kb6 56. Kg2 f4 0-1

[Event "AUTO-ELITE-1382"]
[Site "http://www.queenalice.com/game.php?id=1337797"]
[Date "2015.1.29"]
[Round "2"]
[White "biscuter"]
[Black "Donidon"]
[Result "1-0"]
[WhiteElo "2591"]
[BlackElo "2293"]

1. e4 c5 2. Nf3 d6 3. d4 cxd4 4. Nxd4 Nf6 5. Nc3 a6 6. Be2 g6 7. O-O Bg7 8. Be3
O-O 9. f4 e5 10. fxe5 dxe5 11. Nb3 Nc6 12. Bg5 Qb6+ 13. Kh1 Nd7 14. Bc4 h6 15.
Nd5 Qa7 16. Ne7+ Kh7 17. Bxf7 1-0

[Event "AUTO-ELITE-1393"]
[Site "http://www.queenalice.com/game.php?id=1345356"]
[Date "2015.3.4"]
[Round "2"]
[White "Sidinei"]
[Black "biscuter"]
[Result "1-0"]
[WhiteElo "2614"]
[BlackElo "2609"]

1. Nf3 d5 2. d4 e6 3. c4 c6 4. b3 Nf6 5. Nbd2 Be7 6. e3 O-O 7. Bb2 Nbd7 8. Bd3
b6 9. Qe2 Bb7 10. O-O c5 11. Rfd1 Rc8 12. Rac1 dxc4 13. Bxc4 cxd4 14. Nxd4 Bc5
15. h3 Qe7 16. Ba6 Bxa6 17. Qxa6 Bxd4 18. Bxd4 Rxc1 19. Rxc1 e5 20. Bc3 Nc5 21.
Bb4 Qd7 22. Qf1 Rc8 23. Qe2 Qd5 24. Nc4 Qe6 25. Nb2 Nce4 26. Rxc8+ Qxc8 27. Nc4
Qe6 28. Ba3 h6 29. Qc2 Qc6 30. Qd3 Qd5 31. Qxd5 Nxd5 32. Nxe5 Nec3 33. Nc6 a5
34. Kf1 Nxa2 35. Ke2 Nac3+ 36. Kd3 Nd1 37. Kc4 Nc7 38. Nd4 Nxf2 39. Bd6 Ne8 40.
Be5 Ne4 41. Kb5 f6 42. Bh2 Nc3+ 43. Kxb6 a4 44. b4 a3 45. b5 a2 46. Nc2 Kf7 47.
Kc6 Nd1 48. Bf4 Nb2 49. b6 Nc4 50. b7 Na5+ 51. Kb6 Nxb7 52. Kxb7 g5 53. Bg3 Ng7
54. Be1 f5 55. Kc6 Ne6 56. Bc3 f4 57. Kd5 h5 58. Ke5 fxe3 59. Nxe3 Nf4 60. Kf5
1-0

[Event "AUTO-ELITE-1393"]
[Site "http://www.queenalice.com/game.php?id=1345357"]
[Date "2015.3.4"]
[Round "2"]
[White "biscuter"]
[Black "Sidinei"]
[Result "0-1"]
[WhiteElo "2615"]
[BlackElo "2604"]

1. e4 e6 2. d4 d5 3. Nd2 c5 4. exd5 exd5 5. Ngf3 Nf6 6. Bb5+ Bd7 7. Bxd7+ Qxd7
8. O-O cxd4 9. Re1+ Be7 10. Ne5 Qc7 11. Nb3 O-O 12. Nxd4 Bc5 13. Bf4 Qb6 14. c3
Re8 15. b4 Bxd4 16. Qxd4 Qxd4 17. cxd4 Nbd7 18. Rac1 Nf8 19. f3 Rec8 20. Kf2 Ne6
21. Be3 Ne8 22. a4 Nd6 23. Nd3 Nc4 24. f4 g6 25. g4 f5 26. h3 Rc7 27. Kg3 Rac8
28. Bf2 Kf7 29. gxf5 gxf5 30. Rcd1 Nd6 31. Re5 Rc2 32. Kf3 R8c3 33. Rxd5 Ke7 34.
Bh4+ Kd7 35. Bf6 Nc7 36. Re5 Nc4 37. Re2 Rxe2 38. Kxe2 Rc2+ 39. Ke1 Nd5 40. Ne5+
Ke6 41. Bg5 Nb2 42. Rd2 Rxd2 43. Kxd2 Nxa4 44. Nd3 b6 45. Bh6 Nac3 46. Bg7 Kd6
47. Kc2 Kc6 48. Kb3 Ne2 49. Be5 Kb5 50. h4 h5 51. Ka3 Kc4 52. Nb2+ Kb5 53. Nd3
Ng1 54. Kb3 Nf3 0-1

[Event "AUTO-ELITE-1406"]
[Site "http://www.queenalice.com/game.php?id=1346861"]
[Date "2015.3.11"]
[Round "2"]
[White "janeil"]
[Black "biscuter"]
[Result "0-1"]
[WhiteElo "2519"]
[BlackElo "2599"]

1. e4 c5 2. Nf3 d6 3. d4 cxd4 4. Nxd4 Nf6 5. Nc3 Nc6 6. Bg5 Bd7 7. Qd2 a6 8.
O-O-O e6 9. f4 b5 10. Bxf6 gxf6 11. Kb1 Qb6 12. Nce2 Rc8 13. f5 Nxd4 14. Nxd4 e5
15. Ne2 d5 16. Ng3 d4 17. c3 Bc5 18. b4 Bd6 19. Nh5 Ke7 20. Qh6 Bb8 21. g4 Rxc3
22. g5 Qd6 23. Nxf6 Qxb4+ 24. Ka1 Bc6 25. Bd3 Bd6 26. Ng4 Kd7 27. g6 Ra3 28.
Nf6+ Kc7 29. Rc1 Rxa2+ 30. Kxa2 Qa3+ 31. Kb1 Qxd3+ 32. Rc2 b4 33. Kb2 b3 0-1

[Event "AUTO-ELITE-1406"]
[Site "http://www.queenalice.com/game.php?id=1346862"]
[Date "2015.3.11"]
[Round "2"]
[White "biscuter"]
[Black "janeil"]
[Result "1-0"]
[WhiteElo "2614"]
[BlackElo "2510"]

1. e4 c5 2. Nf3 d6 3. d4 cxd4 4. Nxd4 Nf6 5. Nc3 a6 6. Bc4 e6 7. Bb3 Be7 8. Be3
b5 9. f3 O-O 10. O-O Re8 11. a3 Bb7 12. Qe1 Nbd7 13. Rd1 Rb8 14. Qg3 Qc8 15.
Rfe1 Ne5 16. Bh6 Ng6 17. Bg5 Nh5 18. Qg4 Bxg5 19. Qxg5 Qc5 20. Qe3 Ne5 21. Qf2
Nc4 22. Bxc4 bxc4 23. Nde2 Qc7 24. b4 cxb3 25. cxb3 Nf6 26. b4 Qe7 27. Qd4 d5
28. exd5 Nxd5 29. Nxd5 Bxd5 30. Qe3 Rbc8 31. Nf4 Bc6 32. Nd3 Bb5 33. Nc5 a5 34.
Qe5 Bc6 35. Rd4 axb4 36. axb4 Ra8 37. Rg4 g6 38. Rd4 Ra2 39. h4 h5 40. Rc1 Bd5
41. b5 Ra5 42. Na6 Qb7 43. Nc7 Rc8 44. Rc3 1-0

[Event "AUTO-ELITE-1380"]
[Site "http://www.queenalice.com/game.php?id=1349345"]
[Date "2015.3.23"]
[Round "2"]
[White "RIVAS"]
[Black "biscuter"]
[Result "0-1"]
[WhiteElo "2326"]
[BlackElo "2610"]

1. Nf3 d5 2. d4 e6 3. g3 c5 4. c3 Nc6 5. Bg2 Nf6 6. O-O Be7 7. Nbd2 O-O 8. Re1
cxd4 9. cxd4 Bd7 10. Nb3 Rc8 11. Bd2 Ne4 12. Rc1 Nxd2 13. Nfxd2 Qb6 14. e4 Nxd4
15. exd5 Rxc1 16. Qxc1 Rc8 17. Qd1 h6 18. Bh3 Rd8 19. dxe6 Bxe6 20. Nxd4 Bxh3
21. Qh5 Qxd4 22. Rxe7 Be6 0-1

[Event "AUTO-ELITE-1380"]
[Site "http://www.queenalice.com/game.php?id=1349346"]
[Date "2015.3.23"]
[Round "2"]
[White "biscuter"]
[Black "RIVAS"]
[Result "1-0"]
[WhiteElo "2612"]
[BlackElo "2323"]

1. e4 e6 2. d4 d5 3. Nd2 Bd7 4. Ngf3 dxe4 5. Nxe4 Bc6 6. Bd3 Nd7 7. Qe2 Bxe4 8.
Qxe4 c6 9. O-O Ngf6 10. Qh4 Be7 11. c4 Qb6 12. Be3 O-O-O 13. Qg3 g6 14. h3 Nh5
15. Qh2 Qxb2 16. Rab1 Qa3 17. Rb3 Qxa2 18. Rfb1 b6 19. Bf1 h6 20. c5 b5 21. Bxb5
cxb5 22. Rxb5 1-0

[Event "AUTO-ELITE-1397"]
[Site "http://www.queenalice.com/game.php?id=1350636"]
[Date "2015.3.29"]
[Round "2"]
[White "Sexxy_Bunny"]
[Black "biscuter"]
[Result "1/2-1/2"]
[WhiteElo "2698"]
[BlackElo "2607"]

1. e4 c5 2. Nf3 d6 3. d4 cxd4 4. Nxd4 Nf6 5. Nc3 Nc6 6. Bg5 e6 7. f4 Be7 8. Qd2
O-O 9. O-O-O Nxd4 10. Qxd4 Qa5 11. Bc4 Bd7 12. e5 dxe5 13. fxe5 Bc6 14. Bd2 Nd7
15. Nd5 Qd8 16. Nxe7+ Qxe7 17. Rhe1 a5 18. Qg4 Rfc8 19. Bf1 b5 20. Bh6 Qf8 21.
Re3 Kh8 22. Bg5 Nxe5 23. Rxe5 f6 24. Rxe6 fxg5 25. Qxg5 Bd7 26. Re3 h6 27. Qg3
Bf5 28. Bd3 Bxd3 29. Rexd3 b4 30. Qd6 Qe8 31. R3d2 Qe4 32. Qd4 Qe7 33. Qd6 Qe4
34. Qd4 Qe7 35. b3 a4 36. Kb1 a3 37. Qd6 Qe4 38. Qd4 Qe7 39. Qd6 Qe4 40. g3 Rd8
41. Qxd8+ Rxd8 42. Rxd8+ Kh7 43. R8d2 Qc6 44. c4 bxc3 45. Re2 Qf3 46. Rde1 Qd3+
47. Kc1 h5 48. Rf2 Qd4 49. Ree2 Qd3 50. Re8 Kh6 51. Rfe2 c2 52. Rxc2 Qd4 53. Re1
g5 54. Rce2 h4 55. Kc2 Qc5+ 56. Kd3 hxg3 57. hxg3 Qd5+ 58. Ke3 g4 59. b4 Qf3+
60. Kd4 Qxg3 61. Re6+ Kg7 62. Re7+ Kf6 63. R7e6+ Kf7 64. R1e2 Qg1+ 65. Ke5 g3
66. Rf6+ Ke7 67. Rd6 Qf1 68. Rdd2 Kf7 69. b5 Kg6 70. b6 Kg5 71. Kd6 Kg4 72. b7
Qf4+ 73. Kd5 1/2-1/2

[Event "AUTO-ELITE-1397"]
[Site "http://www.queenalice.com/game.php?id=1350637"]
[Date "2015.3.29"]
[Round "2"]
[White "biscuter"]
[Black "Sexxy_Bunny"]
[Result "1/2-1/2"]
[WhiteElo "2613"]
[BlackElo "2705"]

1. e4 c5 2. Nf3 d6 3. d4 cxd4 4. Nxd4 Nf6 5. Nc3 a6 6. f4 e5 7. Nf3 Nbd7 8. Bc4
Be7 9. a4 O-O 10. O-O exf4 11. Bxf4 Qb6+ 12. Qd4 Qxd4+ 13. Nxd4 Ne5 14. Bb3 Bd7
15. Nf5 Bxf5 16. exf5 Rac8 17. Rfe1 Rfe8 18. Rad1 h6 19. Ne4 Red8 20. h3 Nc4 21.
Nd2 Ne5 22. Re2 Nc6 23. Nc4 d5 24. Nb6 Bc5+ 25. Be3 Bxb6 26. Bxb6 Rd6 27. c3 d4
28. Bxd4 Rcd8 29. Kf2 Nxd4 30. Rxd4 Rxd4 31. cxd4 Rxd4 32. Re7 Rd2+ 33. Ke3 Rxb2
34. Rxb7 Kf8 35. Rxf7+ Ke8 36. Be6 Rxg2 37. Kd4 h5 38. Kc5 h4 39. Kb6 Rg3 40. a5
Rxh3 41. Rxg7 Rf3 42. Rf7 Ng4 43. Kxa6 h3 44. Rh7 h2 45. Kb7 Rf1 46. Bd5 Rb1+
47. Kc7 Ra1 48. Kd6 Kf8 49. Rh8+ Kg7 50. Rg8+ Kf6 51. Rxg4 Rxa5 52. Rh4 h1=Q 53.
Rxh1 Ra6+ 54. Bc6 Kxf5 55. Rf1+ Kg5 56. Kc5 Ra5+ 57. Kd4 Rf5 58. Rh1 Rf8 59. Bd5
Rf2 1/2-1/2

[Event "kasker-3"]
[Site "http://www.queenalice.com/game.php?id=1440474"]
[Date "2016.9.10"]
[Round "3"]
[White "biscuter"]
[Black "krodo"]
[Result "0-1"]
[WhiteElo "2601"]
[BlackElo "2633"]

1. e4 e5 2. Nf3 Nc6 3. Bc4 Bc5 4. b4 Bxb4 5. c3 Ba5 6. d4 d6 7. Qb3 Qd7 8. O-O
Bb6 9. Bb5 a6 10. Bxc6 Qxc6 11. Nbd2 Nf6 12. Ba3 O-O 13. dxe5 Be6 14. Qc2 Nh5
15. exd6 Nf4 16. Rfe1 cxd6 17. Nb3 Qd7 18. Nbd4 Bh3 19. g3 Rfe8 20. Qb3 Bc5 21.
Ng5 h6 22. Nxh3 Nxh3+ 23. Kg2 Ng5 24. f3 Qh3+ 25. Kh1 Rac8 26. Bc1 Rc7 27. Bxg5
hxg5 28. Rad1 g6 29. Qb2 Rce7 30. Nb3 g4 31. Nxc5 dxc5 32. Qg2 Qh8 33. Re3 gxf3
34. Qxf3 Qh3 35. Qf6 Rd7 36. Rf1 Ree7 37. Re2 Rd6 38. Qf2 Qh5 39. Re3 Qe5 40. a4
c4 41. Kg1 Rde6 42. Rfe1 Qa5 43. Qc2 Qc5 44. Kg2 Qc6 45. Kf2 a5 46. Kg1 b5 47.
axb5 Qxb5 48. Qf2 a4 49. R3e2 Qc6 50. e5 Qc7 51. Qd4 a3 52. Kg2 Re8 0-1